|
|
|
|
| LEADER |
00000nab a2200000 a 4500 |
| 001 |
vtls008886508 |
| 003 |
SK-MaSNL |
| 005 |
20260426083353.0 |
| 008 |
250505c2006 xo mr|p|||||||000 b|slo |
| 015 |
|
|
|a SNBRB2006/11
|2 snkbucl
|
| 035 |
|
|
|a (uuid)4bbe8b1f-08b4-4301-93f8-8b226c1faf25
|
| 035 |
|
|
|a urn:nbn:sk:snk-ab1ffn
|
| 035 |
|
|
|a (urnnbn)urn:nbn:sk:snk:ar-00360q
|
| 038 |
|
|
|a SNKBUCL
|
| 040 |
|
|
|a SNKBUCL
|b slo
|c SNKBUCL
|e AACR2
|
| 041 |
0 |
|
|a slo
|
| 044 |
|
|
|a xo
|c SK
|
| 080 |
|
|
|a 336.722.145:336.732
|x (437.6)
|2 1997
|
| 245 |
0 |
0 |
|a Stavebné sporenie potrebuje obdobie stability
|c [rozhovor s] Imrichom Bérešom
|
| 300 |
|
|
|b Fotogr.
|
| 650 |
0 |
7 |
|a stavebné sporenie
|2 snkbucl
|9 2365
|
| 651 |
|
7 |
|a Slovensko
|2 snkbucl
|9 14231
|
| 700 |
1 |
|
|a Béreš, Imrich
|4 ive
|9 8128
|
| 773 |
0 |
|
|t Investor
|g Roč. VII., č. 11 (2006), s. [23]
|x 1335-8235
|
| 850 |
|
|
|a Slovenská národná knižnica
|
| 852 |
|
|
|a Slovenská národná knižnica
|
| 954 |
|
|
|a odborná, vedecká literatúra pôvodná (slovenská)
|2 lita
|
| 958 |
|
|
|a article2022
|
| 958 |
|
|
|a SK
|
| 958 |
|
|
|a OND
|
| 958 |
|
|
|a EUIPO
|
| 999 |
|
|
|c 2903272
|d 2905202
|